ឥទ្ធិពលនៃផូស្វ័រទៅលើដំណាំជីបៃតងចំពោះដំណាំស្រូវក្នុងលក្ខខ័ណ្ឌផ្ទះកញ្ចក់ (Record no. 164)
[ view plain ]
| 000 -LEADER | |
|---|---|
| fixed length control field | 00586nam a22001577a 4500 |
| 003 - CONTROL NUMBER IDENTIFIER | |
| control field | OSt |
| 005 - DATE AND TIME OF LATEST TRANSACTION | |
| control field | 20150909151232.0 |
| 008 - FIXED-LENGTH DATA ELEMENTS--GENERAL INFORMATION | |
| fixed length control field | 150909b xxu||||| |||| 00| 0 eng d |
| 040 ## - CATALOGING SOURCE | |
| Transcribing agency | RUA |
| 082 ## - DEWEY DECIMAL CLASSIFICATION NUMBER | |
| Classification number | AGR ព្រំ 1993 B006 Or.1 |
| 100 ## - MAIN ENTRY--PERSONAL NAME | |
| 9 (RLIN) | 183 |
| Personal name | ព្រំ ពលី |
| 245 ## - TITLE STATEMENT | |
| Title | ឥទ្ធិពលនៃផូស្វ័រទៅលើដំណាំជីបៃតងចំពោះដំណាំស្រូវក្នុងលក្ខខ័ណ្ឌផ្ទះកញ្ចក់ |
| 260 ## - PUBLICATION, DISTRIBUTION, ETC. (IMPRINT) | |
| Place of publication, distribution, etc. | Phnom Penh |
| Name of publisher, distributor, etc. | RUA |
| Date of publication, distribution, etc. | 1993 |
| 300 ## - PHYSICAL DESCRIPTION | |
| Extent | 86p. |
| Other physical details | ill. |
| Dimensions | 29cm. |
| 942 ## - ADDED ENTRY ELEMENTS (KOHA) | |
| Source of classification or shelving scheme | |
| Koha item type | AGR |
| Price effective from | Date last seen | Permanent Location | Not for loan | Date acquired | Source of classification or shelving scheme | Koha item type | Lost status | Withdrawn status | Date last checked out | Total Checkouts | Shelving location | Damaged status | Barcode | Current Location | Full call number |
|---|---|---|---|---|---|---|---|---|---|---|---|---|---|---|---|
| 2015-09-09 | 2015-09-09 | Library Block B | 2015-09-09 | AGR | B006 | RUA003663 | Library Block B | AGR ព្រំ 1993 B006 Or.1 | |||||||
| 2015-09-09 | 2015-09-09 | Library Block B | 2015-09-09 | AGR | B006 | RUA003736 | Library Block B | AGR ព្រំ 1993 B006 Or.2 | |||||||
| 2015-09-09 | 2015-09-09 | Library Block B | 2015-09-09 | AGR | B006 | RUA003664 | Library Block B | AGR ព្រំ 1993 B006 Or.3 | |||||||
| 2015-09-09 | 2016-06-04 | Library Block B | 2015-09-09 | AGR | 2016-05-25 | 1 | B006 | RUA003737 | Library Block B | AGR ព្រំ 1993 B006 Or.4 | |||||
| 2015-09-09 | 2015-09-09 | Library Block B | 2015-09-09 | AGR | B006 | RUA003665 | Library Block B | AGR ព្រំ 1993 B006 Or.5 | |||||||
| 2015-09-09 | 2015-09-09 | Library Block B | 2015-09-09 | AGR | B006 | RUA003738 | Library Block B | AGR ព្រំ 1993 B006 Or.6 | |||||||
| 2015-09-09 | 2015-09-09 | Library Block B | 2015-09-09 | AGR | B006 | RUA003662 | Library Block B | AGR ព្រំ 1993 B006 Or.7 | |||||||
| 2015-09-09 | 2015-09-09 | Library Block B | 2015-09-09 | AGR | B006 | RUA003666 | Library Block B | AGR ព្រំ 1993 B006 Or.8 | |||||||
| 2015-09-09 | 2015-09-09 | Library Block B | 2015-09-09 | AGR | B006 | RUA003734 | Library Block B | AGR ព្រំ 1993 B006 Or.9 |